| 000 | 00826cab a2200229 4500 | ||
|---|---|---|---|
| 001 | WB3131-49 | ||
| 008 | 090401t1995 xxu||||| |||| 00| 0 eng d | ||
| 035 | _a(Sirsi) u51825 | ||
| 041 | _aeng | ||
| 245 | _aRight to buy hits cheap housing | ||
| 260 | _c1995 | ||
| 350 | _a0 | ||
| 490 |
_aPlanning Week _v3(33) 17 August 1995, 8(1) |
||
| 520 | _aNew Forest DC has stalled its rural housing programme in response to government proposals to give housing association tenants the right to buy their homes. The council is worried the new homes would be sold as holiday lets or to commuters once the right to buy scheme comes in. | ||
| 650 | _aHOUSING ASSOCIATIONS | ||
| 650 | _aNEW FOREST DC | ||
| 650 | _aRIGHT-TO-BUY | ||
| 650 | _aRURAL HOUSING PROGRAMMES | ||
| 690 | _aHOUSING | ||
| 942 | _n0 | ||
| 948 | _c04/03/1997 | ||
| 999 |
_c32155 _d32155 |
||